"Naj" miasta w Polsce #1 - Statystyki

Ogólne statystyki
  • Ten quiz został rozwiązany 56 razy
    50 od ostatniego zresetowania
  • Średni wynik to 9 z 15
Statystyki odpowiedzi
Podpowiedź Odpowiedź % Poprawnych
Największe miasto w województwie pomorskim Gdańsk
100%
Największe miasto w Polsce Warszawa
100%
Największe miasto w województwie dolnośląskim Wrocław
87%
Największe miasto w województwie podkarpackim Rzeszów
84%
Największe miasto zaczynające się na literę S Szczecin
84%
Największe miasto w województwie opolskim Opole
82%
Największe miasto zawierające literę Ó Kraków
73%
Największe miasto zawierające literę D Łódź
67%
Największe miasto, które nie ma sieci tramwajowej Białystok
60%
Największe miasto zaczynające się na literę Ć Ćmielów
53%
Największe miasto zaczynające się na literę H Hajnówka
40%
Największe miasto które nie ma kolei Jastrzębie-Zdrój
27%
Największe miasto nie będące miastem na prawach powiatu Piła
18%
Najgęściej zaludnione miasto w Polsce Ząbki
13%
Najmniejsze miasto będące siedzibą powiatu Sejny
9%
Nie znaleziono quizów pasujących do podanych kryteriów
Rozkład punktacji
Procent ludzi z każdym wynikiem
Percentyl według liczby udzielonych odpowiedzi
Twoja historia wyników
Nie rozwiązałeś tego quizu od ostatniego zresetowania